| 000 | 00896nam a2200253 i 4500 | ||
|---|---|---|---|
| 001 | 129428 | ||
| 003 | ES-MaACL | ||
| 005 | 20230906193511.0 | ||
| 007 | t| | ||
| 008 | 070614s1975 sp ||||1| spa d | ||
| 080 | _a301.153.2 | ||
| 100 | 1 |
_aThayer, Lee. _9109879 |
|
| 245 | 1 | 0 |
_aComunicaciones y sistemas de comunicación en las organizaciones, en la gestión directiva y en las relaciones interpersonales / _cLee Thayer ; presentación y notas de Manuel Parés i Maicas. |
| 250 | _a[1ª ed.]. | ||
| 260 |
_a[Barcelona] : _bPenínsula, _c[1975] |
||
| 300 |
_a448 p., 4 h. ; _c20 cm. |
||
| 490 | 1 | _aSerie universitaria | |
| 650 | 1 | 4 |
_aComunicación en las organizaciones. _911194 |
| 650 | 1 | 4 |
_aComunicación en la gestión. _911193 |
| 700 | 1 |
_aParés i Maicas, Manuel. _989105 |
|
| 830 | 0 |
_aSerie universitaria _9180747 |
|
| 852 |
_aES-MaACL _jA-5829 _bR.94885 |
||
| 999 |
_c129428 _d129428 |
||